Größte Städte der Welt nach Buchstabe - V - Statistiken

Allgemein
  • Dieses Quiz wurde 255 mal gespielt
  • Das Durchschnittsergebnis liegt bei 4 aus 10
Antwortstatistiken
Land Bevölkerung Stadt % Korrekt
Kanada 3,03 Mio. Vancouver
98%
Venezuela 2,08 Mio. Valencia
89%
Spanien 1,90 Mio. Valencia
89%
Chile 1,05 Mio. Valparaíso
28%
Indien 2,05 Mio. Varanasi (Benares)
22%
USA 1,66 Mio. Virginia Beach
20%
Indien 2,35 Mio. Vadodara
9%
Brasilien 1,93 Mio. Vitória
8%
Indien 2,35 Mio. Vishakhapatnam
3%
Indien 2,23 Mio. Vijayawada
2%
Keine übereinstimmenden Quizze gefunden
Verteilung der Resultate
Anzahl Personen mit jedem Resultat
Perzentil nach korrekt beantworteten Fragen
Ihre Resultats-Entwicklung
Sie haben dieses Quiz noch nicht gespielt